The Storm Leopard. (Record no. 5835)
[ view plain ]
| 000 -LEADER | |
|---|---|
| fixed length control field | 00436nam a22001817a 4500 |
| 003 - CONTROL NUMBER IDENTIFIER | |
| control field | OSt |
| 005 - DATE AND TIME OF LATEST TRANSACTION | |
| control field | 20170427145728.0 |
| 008 - FIXED-LENGTH DATA ELEMENTS--GENERAL INFORMATION | |
| fixed length control field | 170427b xxu||||| |||| 00| 0 eng d |
| 020 ## - INTERNATIONAL STANDARD BOOK NUMBER | |
| International Standard Book Number | 9781849950046 |
| 040 ## - CATALOGING SOURCE | |
| Transcribing agency | DDC. |
| 082 ## - DEWEY DECIMAL CLASSIFICATION NUMBER | |
| Classification number | 590MUR 2010. |
| 100 ## - MAIN ENTRY--PERSONAL NAME | |
| Personal name | Murray,Martyn; |
| 9 (RLIN) | 12120 |
| 245 ## - TITLE STATEMENT | |
| Title | The Storm Leopard. |
| 300 ## - PHYSICAL DESCRIPTION | |
| Extent | xi,258p; |
| Other physical details | ill: |
| Dimensions | 25cm. |
| 504 ## - BIBLIOGRAPHY, ETC. NOTE | |
| Bibliography, etc | includes end notes. |
| 650 ## - SUBJECT ADDED ENTRY--TOPICAL TERM | |
| Topical term or geographic name as entry element | Physics |
| 9 (RLIN) | 809 |
| 942 ## - ADDED ENTRY ELEMENTS (KOHA) | |
| Source of classification or shelving scheme | Dewey Decimal Classification |
| Koha item type | Open Shelf |
| Withdrawn status | Lost status | Source of classification or shelving scheme | Damaged status | Not for loan | Home library | Current library | Date acquired | Source of acquisition | Inventory number | Total Checkouts | Full call number | Barcode | Date last seen | Price effective from | Koha item type |
|---|---|---|---|---|---|---|---|---|---|---|---|---|---|---|---|
| Dewey Decimal Classification | MUST Main Library | MUST Main Library | 27/04/2017 | 11/33281 | 590MUR 2010. | 2017-0824 | 27/04/2017 | 27/04/2017 | Open Shelf |
